[Event "Open B"]
[Site "?"]
[Date "2008.08.29"]
[Round "8.4"]
[White "Blumel, M."]
[Black "Franc, O."]
[Result "1-0"]
[WhiteElo "1675"]
[BlackElo "1598"]
[PlyCount "59"]
[EventDate "2008.08.22"]
[SourceDate "2008.08.29"]

1. e4 e5 2. Nf3 Nc6 3. Bc4 Nf6 4. Ng5 d5 5. exd5 Na5 6. Bb5+ c6 7. dxc6 bxc6 8.
Qf3 Bb7 9. Ba4 Qc7 10. O-O Bd6 11. d3 O-O 12. Ne4 Nxe4 13. dxe4 c5 14. Nc3 Nc6
15. Be3 a6 16. Nd5 Nd4 17. Bxd4 Bxd5 18. Bxc5 Qxc5 19. exd5 f5 20. Qe3 Qxe3 21.
fxe3 Bc5 22. Rfe1 f4 23. Kh1 Bxe3 24. d6 Rfd8 25. d7 Ra7 26. Rad1 Kf7 27. c4
Bd4 28. c5 Rdxd7 29. Bxd7 Rxd7 30. Rxe5 1-0

[Event "OPEN B"]
[Site "?"]
[Date "2008.08.29"]
[Round "8.5"]
[White "Fojtu, T."]
[Black "Brhlik, A."]
[Result "1/2-1/2"]
[WhiteElo "1603"]
[BlackElo "1682"]
[PlyCount "52"]
[EventDate "2008.08.23"]
[SourceDate "2008.08.29"]

1. e4 c5 2. Nf3 d6 3. d4 cxd4 4. Nxd4 Nf6 5. Nc3 a6 6. Be2 e6 7. O-O b5 8. a3
Bb7 9. Bd3 Be7 10. f4 Nbd7 11. Nf3 Qc7 12. Qe2 Rc8 13. Be3 O-O 14. g4 Nc5 15.
Bxc5 dxc5 16. g5 c4 17. gxf6 cxd3 18. cxd3 Bxf6 19. e5 Be7 20. Rac1 Qd7 21. Ne4
f5 22. exf6 Bxf6 23. Nc5 Rxc5 24. Rxc5 Ba8 25. Rfc1 Bb7 26. Rc7 Qd5 1/2-1/2

[Event "OPEN B"]
[Site "?"]
[Date "2008.08.29"]
[Round "8.6"]
[White "Mates, M."]
[Black "Hatas, O."]
[Result "0-1"]
[WhiteElo "1661"]
[BlackElo "1437"]
[PlyCount "82"]
[EventDate "2008.08.23"]
[SourceDate "2008.08.29"]

1. e4 e5 2. Nf3 Nc6 3. Bb5 a6 4. Bxc6 dxc6 5. Nc3 Bd6 6. d4 Bg4 7. Ne2 Bxf3 8.
gxf3 Nf6 9. dxe5 Bxe5 10. c3 Nd7 11. f4 Bd6 12. Be3 Qe7 13. e5 Bc5 14. Nd4
O-O-O 15. Qg4 g6 16. O-O-O Kb8 17. Nc2 Bxe3+ 18. fxe3 Nc5 19. Qe2 Qe6 20. Kb1
Ne4 21. Rxd8+ Rxd8 22. Rd1 Rxd1+ 23. Qxd1 b6 24. Nb4 Qc4 25. Qd3 Qxd3+ 26. Nxd3
Nd2+ 27. Kc2 Nf1 28. e4 Nxh2 29. Nf2 h5 30. Kd3 Kc8 31. Ke3 Kd7 32. Nh3 Ke8 33.
f5 f6 34. e6 g5 35. b4 Ng4+ 36. Kd4 Ne5 37. Nxg5 c5+ 38. bxc5 bxc5+ 39. Kxc5
fxg5 40. Kd5 Ng4 41. e5 h4 0-1

[Event "Open B"]
[Site "?"]
[Date "2008.08.29"]
[Round "8.7"]
[White "Vorisek, M."]
[Black "Fiala, J."]
[Result "1-0"]
[WhiteElo "1587"]
[BlackElo "1658"]
[PlyCount "29"]
[EventDate "2008.08.22"]
[SourceDate "2008.08.29"]

1. Nf3 f5 2. d4 Nf6 3. c4 e6 4. g3 b6 5. Bg2 Bb7 6. O-O d5 7. Nc3 Nbd7 8. Ng5
Qe7 9. cxd5 Nxd5 10. e4 Nxc3 11. bxc3 h6 12. Qh5+ Kd8 13. Nf7+ Kc8 14. Nxh8 Nf6
15. Qf7 1-0

[Event "Open B"]
[Site "?"]
[Date "2008.??.??"]
[Round "8.8"]
[White "Riha, F."]
[Black "Lorenc, D."]
[Result "0-1"]
[WhiteElo "1469"]
[BlackElo "1568"]
[PlyCount "102"]
[EventDate "2008.??.??"]

1. e4 c5 2. Bc4 Nc6 3. Nf3 d6 4. h3 g6 5. Nc3 Bg7 6. O-O Nf6 7. d3 O-O 8. Ne2
Qc7 9. c3 Nd7 10. Bf4 a6 11. Nh2 Nde5 12. Bb3 Nd7 13. Ng3 b5 14. Rb1 a5 15. Ng4
a4 16. Bc2 a3 17. Qd2 b4 18. Bh6 Nde5 19. Bxg7 Kxg7 20. Ne3 Be6 21. b3 Kg8 22.
f4 Nd7 23. f5 Nde5 24. f6 bxc3 25. Qxc3 Nd4 26. Nd5 Bxd5 27. exd5 Qb7 28. Qd2
exf6 29. Rxf6 Nxc2 30. Qxc2 Qxd5 31. Rd1 Qd4+ 32. Kh2 Ng4+ 33. hxg4 Qxf6 34.
Kh3 Qg5 35. Qc4 Qh6+ 36. Nh5 gxh5 37. g3 hxg4+ 38. Kxg4 Qe6+ 39. Kf3 Qxc4 40.
dxc4 Rad8 41. Rd5 Rfe8 42. Kf2 Re5 43. Rd2 Rde8 44. Kf1 Kg7 45. Rf2 Re1+ 46.
Kg2 R1e2 47. Kf3 Rxf2+ 48. Kxf2 Kg6 49. Kf3 h5 50. Kf2 Re5 51. Kf3 Re1 0-1

[Event "OPEN B"]
[Site "?"]
[Date "2008.08.29"]
[Round "8.9"]
[White "Mala, A."]
[Black "Soltys, R."]
[Result "0-1"]
[WhiteElo "1423"]
[BlackElo "1568"]
[PlyCount "84"]
[EventDate "2008.08.23"]
[SourceDate "2008.08.29"]

1. e4 e6 2. d4 d5 3. exd5 exd5 4. Bd3 Nf6 5. Ne2 Bg4 6. Bf4 Be7 7. Nd2 O-O 8.
f3 Bh5 9. c3 Nbd7 10. Qc2 Bg6 11. O-O-O Re8 12. g4 c5 13. h4 Nf8 14. h5 Bxd3
15. Qxd3 c4 16. Qc2 N6d7 17. h6 g6 18. Bg3 Bg5 19. Nf4 Bxf4 20. Bxf4 Qf6 21.
Bg3 Re2 22. f4 Rae8 23. f5 Rg2 24. Bh4 g5 25. Rhg1 Ree2 26. Rxg2 Rxg2 27. Be1
Qxh6 28. Qa4 Qa6 29. Qxa6 bxa6 30. Nf3 Rxg4 31. Bd2 f6 32. b3 Nb6 33. Re1 Kf7
34. Bxg5 Rxg5 35. Nxg5+ fxg5 36. Re5 Nfd7 37. Re6 Nf6 38. Kd2 Ne4+ 39. Kc2 Ng3
40. Re5 h5 41. Kd1 Kf6 42. Re3 Nxf5 0-1

[Event "Open B"]
[Site "?"]
[Date "2008.??.??"]
[Round "8.10"]
[White "Krejci, M."]
[Black "Hatas, R."]
[Result "1/2-1/2"]
[WhiteElo "1438"]
[BlackElo "1564"]
[PlyCount "41"]
[EventDate "2008.??.??"]

1. e4 d5 2. exd5 Qxd5 3. Nc3 Qa5 4. d4 Nf6 5. Bd2 c6 6. Nf3 Bg4 7. Be2 e6 8.
Ne5 Bxe2 9. Qxe2 Nbd7 10. f4 Bb4 11. a3 Nxe5 12. fxe5 Nd5 13. Ne4 Bxd2+ 14.
Qxd2 Qxd2+ $11 15. Kxd2 O-O 16. g4 f6 17. exf6 $11 Nxf6 18. Nxf6+ Rxf6 19. Raf1
Raf8 20. Rxf6 Rxf6 21. Ke3 $11 1/2-1/2

[Event "Open B"]
[Site "?"]
[Date "2008.??.??"]
[Round "8.11"]
[White "Hatasova, M."]
[Black "Starychfojtu, J."]
[Result "0-1"]
[WhiteElo "1347"]
[BlackElo "1533"]
[PlyCount "56"]
[EventDate "2008.??.??"]

1. e4 c6 2. d4 d5 3. exd5 cxd5 4. Bd3 Nf6 5. Nf3 Nc6 6. Nc3 Bd7 7. Be3 a6 8.
Qe2 e6 9. O-O Bd6 10. Rad1 Nb4 11. a3 Nxd3 12. Qxd3 Rc8 13. Rfe1 h6 14. Bd2 Qc7
15. Rc1 Bc6 16. Ne5 Nd7 17. Nxc6 Qxc6 18. Kh1 Nb6 19. Rb1 Nc4 20. h3 b5 21. g3
O-O 22. Bc1 Rfe8 23. b4 e5 24. dxe5 d4+ 25. Ne4 Bxe5 26. Kg1 Bb8 27. Bd2 Ne5
28. Qxd4 Nf3+ 0-1

[Event "Open B"]
[Site "?"]
[Date "2008.08.29"]
[Round "8.12"]
[White "Nguenova, A."]
[Black "Brezinova, J."]
[Result "1-0"]
[WhiteElo "1466"]
[BlackElo "1496"]
[PlyCount "117"]
[EventDate "2008.08.22"]
[SourceDate "2008.08.29"]

1. Nf3 d5 2. c4 Nf6 3. b3 Bf5 4. Bb2 e6 5. g3 h6 6. Bg2 c6 7. O-O Be7 8. d4 O-O
9. Nbd2 a5 10. Rc1 Na6 11. a3 Qb6 12. c5 Qd8 13. Ne5 Nc7 14. e3 Nb5 15. Nb1 Qc7
16. Nc3 Nxc3 17. Bxc3 Bd8 18. b4 Qe7 19. Qd2 axb4 20. Bxb4 Bc7 21. Nd3 Ra7 22.
Qd1 Rfa8 23. Rc3 Ne4 24. Rb3 Rb8 25. Qe2 Bg6 26. Qb2 Bd8 27. Ra1 Bc7 28. a4 Qe8
29. a5 Ra6 30. Be1 Qc8 31. Bf1 Raa8 32. Rba3 Kf8 33. Qb3 Nf6 34. Nb2 Nd7 35.
Nd1 Bh7 36. Bb4 Kg8 37. Qc3 Bg6 38. Nb2 Bh7 39. Na4 Be4 40. Nb6 Bxb6 41. cxb6
Qe8 42. Bd6 Rd8 43. Bc7 Rdc8 44. a6 bxa6 45. Bxa6 Nxb6 46. Bxc8 Rxa3 47. Qxa3
Nxc8 48. Rc1 Qd7 49. Qa5 Bf3 50. Bb6 e5 51. Kf1 Qh3+ 52. Ke1 Qxh2 53. Bc7 Qg1+
54. Kd2 Qxf2+ 55. Kc3 exd4+ 56. exd4 Qe3+ 57. Kb2 Qxd4+ 58. Qc3 Qa4 59. Qxf3
1-0

[Event "Open B"]
[Site "?"]
[Date "2008.??.??"]
[Round "8.13"]
[White "Skalicky, T."]
[Black "Franek, J."]
[Result "0-1"]
[WhiteElo "1493"]
[BlackElo "1250"]
[PlyCount "72"]
[EventDate "2008.??.??"]

1. e4 e5 2. Nc3 Bc5 3. Nf3 d6 4. Bc4 Bg4 5. d3 Ne7 6. Be3 Bb4 7. a3 Ba5 8. h3
Bh5 9. d4 f6 10. Be6 Bf7 11. Bxf7+ Kxf7 12. Qd3 c6 13. Qc4+ d5 14. Qb3 Ng6 15.
Qxb7+ Qc7 16. Qxc7+ Bxc7 17. exd5 Ba5 18. b4 Bb6 19. dxc6 Nxc6 20. Rd1 Rhe8 21.
O-O Rad8 22. dxe5 Ncxe5 23. Nxe5+ Nxe5 24. Bxb6 axb6 25. Nd5 Nc4 26. Rd3 Nxa3
27. Rxa3 Rxd5 28. Ra7+ Kg6 29. f4 Re2 30. c4 Rdd2 31. f5+ Kh5 32. Rf3 Rxg2+ 33.
Kf1 Rh2 34. Ke1 Rb2 35. Rd7 Rb1+ 36. Rd1 Rh1+ 0-1

[Event "OPEN B"]
[Site "?"]
[Date "2008.08.29"]
[Round "8.14"]
[White "Mejzlik, J."]
[Black "Kudrna, J."]
[Result "1-0"]
[WhiteElo "1451"]
[BlackElo "1000"]
[PlyCount "53"]
[EventDate "2008.08.23"]
[SourceDate "2008.08.29"]

1. c4 c5 2. Nc3 e6 3. e4 a6 4. g3 Nc6 5. Bg2 e5 6. d3 d6 7. Nge2 Nf6 8. O-O Be7
9. f4 O-O 10. Nd5 Bg4 11. h3 Bxe2 12. Qxe2 exf4 13. Nxe7+ Qxe7 14. Bxf4 Ne5 15.
Bg5 Qe6 16. Bxf6 gxf6 17. Rf5 Kh8 18. Raf1 Nd7 19. h4 Rg8 20. Kh2 Rg6 21. Bh3
Qe7 22. Rh5 Rag8 23. Bf5 R6g7 24. Qe3 Nf8 25. Rf3 Qe5 26. Qf2 Rg4 27. Bxg4 1-0

[Event "Open B"]
[Site "?"]
[Date "2008.??.??"]
[Round "8.15"]
[White "Pycha, P."]
[Black "Kozel, P."]
[Result "1/2-1/2"]
[WhiteElo "1312"]
[BlackElo "1250"]
[PlyCount "60"]
[EventDate "2008.??.??"]

1. e4 e5 2. Nf3 Nf6 3. Nc3 Bc5 4. Bc4 Nc6 5. d3 h6 6. O-O d6 7. h3 O-O 8. Qe2
Qe7 9. Be3 Bxe3 10. Qxe3 Be6 11. Nd2 Nd4 12. Rac1 a6 13. f4 Bxc4 14. Nxc4 Nc6
15. f5 Rac8 16. Qf3 Nd4 17. Qe3 c6 18. Ne2 Nxe2+ 19. Qxe2 b5 20. Ne3 d5 21. Ng4
d4 22. Qf3 c5 23. Qg3 Nxg4 24. Qxg4 Qf6 25. Rfe1 a5 26. Rb1 Ra8 27. Rbc1 Rfc8
28. a4 Qc6 29. b3 Qf6 30. Rf1 Rc6 1/2-1/2

[Event "Open B"]
[Site "?"]
[Date "2008.08.29"]
[Round "8.16"]
[White "Kotka, Tomas"]
[Black "Silhanek, Jindrich"]
[Result "0-1"]
[WhiteElo "1400"]
[BlackElo "1763"]
[PlyCount "104"]
[EventDate "2008.??.??"]

1. e4 c5 2. f4 e6 3. Nf3 d5 4. e5 Nc6 5. d4 Qb6 6. c3 Nge7 7. b3 cxd4 8. cxd4
Nf5 9. Bb2 Bb4+ 10. Nc3 Nfxd4 11. Nd2 Nf5 12. Qe2 O-O 13. O-O-O Qa5 14. Na4 a6
15. Kb1 b5 16. Nc3 Bxc3 17. Bxc3 Qxc3 18. Rc1 Qb4 19. g4 Ncd4 20. Qf2 Ne7 21.
Bd3 g6 22. Kb2 Ndc6 23. h4 Qd4+ 24. Qxd4 Nxd4 25. Rc7 Re8 26. Kc3 Ndc6 27. Nf3
Rb8 28. h5 Bb7 29. Kd2 Rec8 30. Rxc8+ Rxc8 31. hxg6 hxg6 32. Ng5 Nb4 33. Bb1
Nbc6 34. Rh7 Rf8 35. f5 gxf5 36. gxf5 exf5 37. Bxf5 Nxf5 38. e6 Nd8 39. Rh2 Bc8
40. Rg2 fxe6 41. Nxe6+ Kf7 42. Nxf8 Kxf8 43. Rf2 Kf7 44. Kd3 Kf6 45. Kc3 Nc6
46. a3 Be6 47. Rh2 d4+ 48. Kc2 Ne3+ 49. Kd3 Ke5 50. b4 a5 51. Rh4 Bf5+ 52. Ke2
axb4 0-1

[Event "OPEN B"]
[Site "?"]
[Date "2008.08.29"]
[Round "8.17"]
[White "Rut, V."]
[Black "Pospisil, P."]
[Result "0-1"]
[WhiteElo "1250"]
[BlackElo "1717"]
[PlyCount "72"]
[EventDate "2008.08.23"]
[SourceDate "2008.08.29"]

1. e4 c5 2. Nf3 d6 3. d4 cxd4 4. Nxd4 Nf6 5. Nc3 a6 6. Bg5 e6 7. f4 Qc7 8. Bxf6
gxf6 9. Qh5 Qb6 10. O-O-O Nc6 11. Nxc6 Qe3+ 12. Kb1 bxc6 13. g3 Rb8 14. Qe2
Qxc3 15. b3 Qc5 16. Qc4 Qb6 17. Bd3 a5 18. a4 e5 19. f5 Qc5 20. Qxc5 dxc5 21.
Bc4 Rg8 22. Rd3 h6 23. h3 Rg7 24. g4 Rb7 25. Rhd1 Rd7 26. Rxd7 Bxd7 27. Rd3 Kd8
28. Kb2 Kc7 29. Kc3 Bc8 30. Kd2 Rg5 31. Re3 h5 32. Rg3 hxg4 33. Rxg4 Kd7 34.
Bf1 Kd6 35. Rg2 Bd7 36. Rh2 Rg3 0-1

[Event "OPEN B"]
[Site "?"]
[Date "2008.08.29"]
[Round "8.19"]
[White "Silhavy, J."]
[Black "Krizek, F."]
[Result "1-0"]
[WhiteElo "1633"]
[BlackElo "1432"]
[PlyCount "37"]
[EventDate "2008.08.23"]
[SourceDate "2008.08.29"]

1. e4 e6 2. d4 d6 3. Nc3 a6 4. Nf3 Be7 5. Be2 Nd7 6. O-O h6 7. a4 c6 8. Be3 d5
9. e5 Qc7 10. Na2 Qa5 11. c3 Qc7 12. Nd2 c5 13. f4 c4 14. b3 cxb3 15. Qxb3 Qc6
16. Qc2 Bd8 17. c4 Qc7 18. f5 Nb6 19. c5 1-0

[Event "OPEN B"]
[Site "?"]
[Date "2008.08.29"]
[Round "8.20"]
[White "Starek, S."]
[Black "Soltysova, A."]
[Result "0-1"]
[WhiteElo "1250"]
[BlackElo "1543"]
[PlyCount "70"]
[EventDate "2008.08.23"]
[SourceDate "2008.08.29"]

1. d4 d5 2. c4 e5 3. e3 Bb4+ 4. Nc3 exd4 5. exd4 Nf6 6. Qb3 Bxc3+ 7. bxc3 O-O
8. Bg5 dxc4 9. Bxc4 Nc6 10. Bxf6 Qxf6 11. Ne2 Na5 12. Qb4 Nxc4 13. Qxc4 Qd6 14.
O-O Be6 15. Qb4 Qxb4 16. cxb4 a5 17. a3 Bc4 18. Rfe1 Rfd8 19. f3 axb4 20. axb4
Rxa1 21. Rxa1 Bxe2 22. Kf2 Ba6 23. Re1 Kf8 24. Re4 Rd5 25. Ke3 Rb5 26. d5 Rxd5
27. Rd4 Rxd4 28. Kxd4 Ke7 29. Kc5 Bf1 30. g3 Bg2 31. f4 h5 32. h4 Ke6 33. Kd4
Kf5 34. Ke3 Kg4 35. Kf2 Bd5 0-1

[Event "Open B"]
[Site "?"]
[Date "2008.??.??"]
[Round "8.22"]
[White "Kocir, V."]
[Black "Skvaril, M."]
[Result "0-1"]
[WhiteElo "1273"]
[BlackElo "1250"]
[PlyCount "64"]
[EventDate "2008.??.??"]

1. e4 e5 2. Nf3 Nc6 3. Bc4 Nf6 4. d3 d5 5. exd5 Nxd5 6. Bb5 Bd6 7. h3 O-O 8.
Bxc6 bxc6 9. c4 Ne7 10. O-O Ng6 11. Nc3 Bf5 12. Be3 Re8 13. Re1 f6 14. Nd2 Bxd3
15. Qa4 Qd7 16. Rad1 Red8 17. Nde4 Bxe4 18. Nxe4 Qe8 19. Bc5 Bxc5 20. Nxc5 Rxd1
21. Rxd1 Nf4 22. Kh2 Ne6 23. Nd3 c5 24. Qa5 Qc6 25. Qa3 Qd6 26. Qa4 e4+ 27. g3
exd3 28. Rxd3 Qxd3 29. Qc6 Rb8 30. b3 Qd6 31. Qe4 Qd4 32. Qe2 h6 0-1

[Event "OPEN B"]
[Site "?"]
[Date "2008.08.29"]
[Round "8.23"]
[White "Mullerova, K."]
[Black "Kutil, P."]
[Result "0-1"]
[WhiteElo "1250"]
[BlackElo "1409"]
[PlyCount "96"]
[EventDate "2008.08.23"]
[SourceDate "2008.08.29"]

1. e4 e5 2. Nf3 d6 3. h3 Nf6 4. Nc3 Nc6 5. Bb5 Bd7 6. O-O Be7 7. d3 O-O 8. Be3
a6 9. Ba4 Na7 10. Bxd7 Qxd7 11. Qd2 Nb5 12. Nxb5 Qxb5 13. b3 Nd7 14. c4 Qc6 15.
Rfe1 Nb6 16. Re2 Rac8 17. Rae1 Bf6 18. Qc3 Rfe8 19. Bd2 Re7 20. d4 Rce8 21. d5
Qd7 22. Kh1 Qd8 23. g4 g6 24. Rg1 Qd7 25. Ng5 h6 26. Nf3 h5 27. gxh5 Qxh3+ 28.
Nh2 Qxh5 29. f3 Kg7 30. Rgg2 Rh8 31. Kg1 Qh3 32. Kf1 Qd7 33. Ng4 Rh1+ 34. Kf2
Bh4+ 35. Ke3 f5 36. Nf2 Bxf2+ 37. Rexf2 fxe4 38. fxe4 Rh3+ 39. Rf3 Rxf3+ 40.
Kxf3 Qh3+ 41. Kf2 Rf7+ 42. Kg1 Rf3 43. Qc1 Nd7 44. Ba5 Nf6 45. Qb1 b6 46. Bd2
Ng4 47. Qc1 Rg3 48. Rxg3 Qxg3+ 0-1

[Event "Open B"]
[Site "?"]
[Date "2008.08.29"]
[Round "8.24"]
[White "Pychova, N."]
[Black "Soltysova, P."]
[Result "0-1"]
[WhiteElo "1250"]
[BlackElo "1250"]
[PlyCount "126"]
[EventDate "2008.??.??"]

1. e4 e5 2. Nf3 Nc6 3. Bc4 Bc5 4. d3 h6 5. Nc3 Nf6 6. O-O O-O 7. Be3 d6 8. Na4
b6 9. Nxc5 bxc5 10. h3 Re8 11. Nh2 Be6 12. Bb5 Bd7 13. b3 Nd4 14. Bxd7 Qxd7 15.
Nf3 Ne6 16. c3 a5 17. Nh2 d5 18. exd5 Nxd5 19. Qd2 Nxe3 20. Qxe3 Nf4 21. Rad1
Qd5 22. Nf3 a4 23. c4 Qd6 24. bxa4 Rxa4 25. Rd2 Ra3 26. Ne1 Rd8 27. Kh1 Nxd3
28. Nxd3 Rxd3 29. Rxd3 Qxd3 30. Qxd3 Rxd3 31. Rb1 Kh7 32. Rb5 Rd2 33. a4 Rxf2
34. a5 Ra2 35. Rxc5 e4 36. Re5 f6 37. Rxe4 Rxa5 38. Kg1 f5 39. Rd4 Rc5 40. Kf2
h5 41. Ke3 g6 42. Rd7+ Kh6 43. Kd4 Rc6 44. Kd5 Ra6 45. Rxc7 Ra2 46. c5 Rxg2 47.
Rf7 Rd2+ 48. Kc6 Rd4 49. Kc7 f4 50. c6 g5 51. Kc8 Kg6 52. Re7 f3 53. Re1 g4 54.
hxg4 hxg4 55. c7 f2 56. Rb1 Rf4 57. Kb7 Rf8 58. Rd1 Rf7 59. Rd6+ Kg7 60. Rd1 g3
61. Kb8 Rxc7 62. Kxc7 g2 63. Rd7+ Kf6 0-1

[Event "OPEN B"]
[Site "?"]
[Date "2008.08.29"]
[Round "8.25"]
[White "Rathousky, J."]
[Black "Filip, L."]
[Result "1-0"]
[WhiteElo "1250"]
[BlackElo "1250"]
[PlyCount "50"]
[EventDate "2008.08.23"]
[SourceDate "2008.08.29"]

1. e4 e5 2. Nf3 Nc6 3. Bb5 d6 4. O-O Bd7 5. Re1 Nf6 6. c3 Be7 7. d4 exd4 8.
Nxd4 a6 9. Nxc6 bxc6 10. Bc4 h6 11. Nd2 O-O 12. Nf3 Ng4 13. h3 Ne5 14. Nxe5
dxe5 15. Re3 Bg5 16. Rg3 Bxc1 17. Qxc1 Qf6 18. Qd2 Rad8 19. Qe3 a5 20. Rd1 Qf4
21. Qc5 a4 22. Rdd3 Be6 23. Rde3 Bxc4 24. Re1 Bb5 25. c4 Ba6 1-0

[Event "OPEN B"]
[Site "?"]
[Date "2008.08.29"]
[Round "8.26"]
[White "Vinecky, J."]
[Black "Filip, V."]
[Result "1-0"]
[WhiteElo "1427"]
[BlackElo "1100"]
[PlyCount "71"]
[EventDate "2008.08.23"]
[SourceDate "2008.08.29"]

1. e4 e5 2. Nf3 d6 3. Bc4 Bg4 4. Nc3 Nf6 5. d3 Nc6 6. O-O Be7 7. Nd5 Nxd5 8.
Bxd5 Rb8 9. c3 O-O 10. b4 Qd7 11. d4 exd4 12. cxd4 Kh8 13. Qd3 f5 14. Bb2 Rbe8
15. e5 dxe5 16. Bxc6 Qxc6 17. Nxe5 Qd6 18. Qb3 Bh5 19. Rfe1 Bf6 20. f4 Bxe5 21.
dxe5 Qd2 22. Qc3 Qxc3 23. Bxc3 Rc8 24. e6 c5 25. bxc5 Rxc5 26. Bb4 Rcc8 27.
Bxf8 Rxf8 28. Rec1 h6 29. Rc7 Re8 30. e7 b5 31. Rd7 a5 32. Rd8 Rxd8 33. exd8=Q+
Kh7 34. Qxa5 g5 35. Qxb5 gxf4 36. Qxf5+ 1-0

[Event "Open B"]
[Site "?"]
[Date "2008.??.??"]
[Round "8.27"]
[White "Fojtu, J."]
[Black "Pucholt, M."]
[Result "0-1"]
[WhiteElo "1250"]
[BlackElo "1000"]
[PlyCount "30"]
[EventDate "2008.??.??"]

1. e4 e5 2. Nf3 Nf6 3. Nc3 Nc6 4. d3 Bb4 5. Bd2 d5 6. Nxd5 Nxd5 7. exd5 Qxd5 8.
Be2 Bd7 9. O-O Qe6 10. Qe1 Qg6 11. Nh4 Qd6 12. Bf3 Bc5 13. Be4 g6 14. g3 O-O-O
15. Kh1 Rhf8 {dale necitelne} 0-1

[Event "OPEN A"]
[Site "?"]
[Date "????.??.??"]
[Round "9.1"]
[White "Beil, M."]
[Black "Vokac, M."]
[Result "0-1"]
[WhiteElo "2208"]
[BlackElo "2451"]
[PlyCount "74"]
[EventDate "2008.08.22"]
[SourceDate "2008.08.30"]

1. d4 g6 2. c4 Bg7 3. Nc3 c5 4. Nf3 cxd4 5. Nxd4 Nc6 6. Nxc6 bxc6 7. e4 Rb8 8.
Be2 Qa5 9. O-O d6 10. Qc2 Qb5 11. a3 Qb4 12. Qd3 Nf6 13. Bd1 Qb7 14. Rb1 Nd7
15. f4 Nc5 16. Qg3 f5 17. e5 dxe5 18. b4 Ne6 19. fxe5 Qc7 20. Re1 O-O 21. Bf4
Qd8 22. Qe3 g5 23. Bxg5 f4 24. Qxa7 Nxg5 25. Qxb8 Qd4+ 26. Kh1 Qxc3 27. Ba4 Bf5
28. Qb6 Bxb1 29. Rxb1 f3 30. Qxc6 f2 31. Rf1 Qd3 32. Qd5+ Qxd5 33. cxd5 Ne4 34.
d6 exd6 35. e6 Nd2 36. e7 Nxf1 37. exf8=Q+ Kxf8 0-1

[Event "OPEN A"]
[Site "?"]
[Date "????.??.??"]
[Round "9.4"]
[White "Stastny, J."]
[Black "Ptak, P."]
[Result "1-0"]
[WhiteElo "2217"]
[BlackElo "2148"]
[PlyCount "58"]
[EventDate "2008.08.22"]
[SourceDate "2008.08.30"]

1. e4 g6 2. d4 Bg7 3. Nc3 c6 4. Bc4 d6 5. Qf3 e6 6. Bf4 Qe7 7. e5 d5 8. Bd3 Na6
9. Bxa6 bxa6 10. Qe3 Bd7 11. a3 c5 12. dxc5 Rb8 13. b4 h6 14. h4 Qd8 15. Nf3
Ne7 16. Nd4 Nc6 17. Nce2 Nxd4 18. Nxd4 Ba4 19. c3 Qc7 20. O-O Kd7 21. Qe2 Bb5
22. Nxb5 axb5 23. a4 g5 24. hxg5 hxg5 25. Bg3 Rh7 26. axb5 f5 27. exf6 Rbh8 28.
c6+ Ke8 29. Qxe6+ Kf8 1-0

[Event "Open A"]
[Site "?"]
[Date "2008.??.??"]
[Round "9.5"]
[White "Postupa, P."]
[Black "Vanka, M."]
[Result "1/2-1/2"]
[WhiteElo "2139"]
[BlackElo "2184"]
[PlyCount "132"]
[EventDate "2008.??.??"]

1. e4 e5 2. Nf3 Nc6 3. Bb5 a6 4. Ba4 Nf6 5. O-O b5 6. Bb3 Bc5 7. d3 Qe7 8. c3
d6 9. Be3 Be6 10. Nbd2 O-O 11. Bc2 Bxe3 12. fxe3 d5 13. d4 Rad8 14. Qb1 g6 15.
Re1 dxe4 16. Nxe4 Nxe4 17. Bxe4 Bd5 18. Qc2 Rd6 19. Bxd5 Rxd5 20. a4 e4 21. Nd2
Re8 22. axb5 axb5 23. Rf1 Kg7 24. Ra6 Rd6 25. Raa1 f5 26. Qb3 Rb8 27. Rf4 h5
28. Raf1 Qe8 29. h3 Ne7 30. Re1 Nd5 31. Rf2 c6 32. Nf1 Re6 33. Qc2 Qe7 34. b3
Kh6 35. Qd2 Qa3 36. Qc2 h4 37. Kh1 Ra8 38. g3 hxg3 39. Nxg3 Rf8 40. Rg2 Qe7 41.
c4 Nxe3 42. Rxe3 f4 43. Rxe4 fxg3 44. Rxe6 Qxe6 45. Rxg3 bxc4 46. bxc4 Rf1+ 47.
Kh2 Re1 48. Rxg6+ Qxg6 49. Qd2+ Kh7 50. Qxe1 Qc2+ 51. Kg3 Qxc4 52. Qe4+ Kh8 53.
Kg4 Qg8+ 54. Kf4 Qf7+ 55. Qf5 Qc4 56. Qe5+ Kh7 57. Qh5+ Kg7 58. Ke4 Kf6 59.
Qf5+ Kg7 60. Qe5+ Kf7 61. Kf4 Qf1+ 62. Kg3 Qg1+ 63. Kh4 Qf2+ 64. Kg4 Qg2+ 65.
Qg3 Qe2+ 66. Qf3+ Kg7 1/2-1/2

[Event "OPEN A"]
[Site "?"]
[Date "2008.08.30"]
[Round "9.6"]
[White "Studnicka, T."]
[Black "Hosticka, F."]
[Result "1-0"]
[WhiteElo "2300"]
[BlackElo "2172"]
[PlyCount "71"]
[EventDate "2008.08.23"]
[SourceDate "2008.08.30"]

1. d4 Nf6 2. c4 e6 3. Nc3 Bb4 4. Qc2 c5 5. dxc5 Na6 6. a3 Qa5 7. Bd2 Nxc5 8.
O-O-O Bxc3 9. Bxc3 Qa4 10. Qxa4 Nxa4 11. Bd4 b6 12. f3 Ke7 13. e4 d6 14. Ne2
Ba6 15. b3 Nc5 16. Kb2 Rac8 17. Nc3 h5 18. Be2 Rcd8 19. Rhe1 e5 20. Be3 Ne6 21.
Bf1 Nc7 22. a4 Bb7 23. a5 bxa5 24. Bxa7 Ra8 25. Bb6 Ne6 26. Ra1 Rhb8 27. Rxa5
Rxa5 28. Bxa5 Ba6 29. b4 Nd4 30. h3 Nd7 31. b5 Bc8 32. Ne2 Nxb5 33. Ka2 Bb7 34.
Bb4 Ra8+ 35. Kb2 Ra4 36. Kb3 1-0

[Event "Open A"]
[Site "?"]
[Date "2008.??.??"]
[Round "9.8"]
[White "Matejovsky, O."]
[Black "Fojtu, P."]
[Result "1-0"]
[WhiteElo "2014"]
[BlackElo "2176"]
[PlyCount "81"]
[EventDate "2008.??.??"]

1. e4 c5 2. Nf3 d6 3. Bb5+ Nc6 4. O-O a6 5. Bxc6+ bxc6 6. b3 e5 7. Bb2 Nf6 8.
Re1 Be7 9. c3 Bg4 10. d4 cxd4 11. cxd4 exd4 12. Bxd4 O-O 13. Nbd2 d5 14. exd5
cxd5 15. Rc1 Nd7 16. Qc2 Ba3 17. Bb2 Bxb2 18. Qxb2 Bxf3 19. Nxf3 Nf6 20. Nd4
Qd7 21. Qc2 Qg4 22. Qd3 Rfe8 23. h3 Qf4 24. g3 Qg5 25. Nf3 Qh6 26. Kg2 Red8 27.
Rc6 Qg6 28. Qd4 Qf5 29. Re7 Qb1 30. Rcc7 Rf8 31. Ne5 Rae8 32. Nd7 Nxd7 33.
Rcxd7 Rxe7 34. Rxe7 Qxa2 35. Qxd5 Qc2 36. Ra7 Qg6 37. Qb7 h6 38. Rxa6 Qf5 39.
Ra8 g5 40. b4 Kg7 41. Rxf8 1-0

[Event "OPEN A"]
[Site "?"]
[Date "????.??.??"]
[Round "9.9"]
[White "Pokorny, M."]
[Black "Hronik"]
[Result "1-0"]
[WhiteElo "2172"]
[BlackElo "1954"]
[PlyCount "51"]
[EventDate "2008.08.22"]
[SourceDate "2008.08.30"]

1. e4 d5 2. exd5 Nf6 3. d4 Bg4 4. Nf3 Nxd5 5. Bb5+ c6 6. Be2 e6 7. O-O Be7 8.
Re1 O-O 9. Nbd2 Bf5 10. Nc4 Nd7 11. c3 Qc7 12. Bd3 Bxd3 13. Qxd3 Rad8 14. Bg5
Bf6 15. Rad1 h6 16. Bxf6 N7xf6 17. Nce5 c5 18. dxc5 Qxc5 19. c4 Ne7 20. Qxd8
Rxd8 21. Rxd8+ Kh7 22. h3 Ng6 23. Nxg6 Kxg6 24. b3 Qc7 25. Rd2 Nd7 26. Rxd7 1-0

[Event "Open A"]
[Site "?"]
[Date "2008.??.??"]
[Round "9.11"]
[White "Sokol, R."]
[Black "Ruzicka, Z."]
[Result "0-1"]
[WhiteElo "1979"]
[BlackElo "2107"]
[PlyCount "40"]
[EventDate "2008.??.??"]

1. e4 e5 2. Nf3 Nc6 3. Bb5 a6 4. Ba4 d6 5. O-O Bg4 6. c3 Qf6 7. d3 Nge7 8. Nbd2
Ng6 9. Bxc6+ bxc6 10. Qa4 Bd7 11. Re1 Nf4 12. Qc2 g5 13. Nc4 g4 14. Bxf4 gxf3
15. Bg3 h5 16. h4 Rg8 17. d4 Bh6 18. dxe5 dxe5 19. Rad1 Bf4 20. Qd3 Be6 0-1

[Event "OPEN A"]
[Site "?"]
[Date "2008.08.30"]
[Round "9.13"]
[White "Lizner, M."]
[Black "Kozak, M."]
[Result "1/2-1/2"]
[WhiteElo "2050"]
[BlackElo "2209"]
[PlyCount "29"]
[EventDate "2008.08.22"]
[SourceDate "2008.08.30"]

1. e4 c6 2. d4 d5 3. e5 Bf5 4. Nc3 e6 5. g4 Bg6 6. Nge2 c5 7. h4 h5 8. Nf4 Bh7
9. Nxh5 cxd4 10. Qxd4 Nc6 11. Bb5 Nge7 12. Bg5 a6 13. Bxc6+ Nxc6 14. Qd2 Qc7
15. O-O 1/2-1/2